Outdoor tréning vzdelávanie a rozvoj s pridanou hodnotou

Kategórie vzdelávania a rozvoja s pridanou hodnotou mimo školiacich miestností. Možnosti uplatnenia outdoor tréningu. Využívanie outdooru pri rozvoji manažérskych zručností. Tvorba, formy a fázy outdoor tréningov.

Uložené v:
Podrobná bibliografia
Hlavný autor: Šustr, Jiří
Médium: Kapitola
Predmet:
Tagy: Pridať tag
Žiadne tagy, Buďte prvý, kto otaguje tento záznam!

MARC

LEADER 00000naa a2200000 4500
001 0119413
005 20231006123643.9
044 |a SK 
245 1 0 |a Outdoor tréning  |b vzdelávanie a rozvoj s pridanou hodnotou  |c Jiří Šustr 
520 |a Kategórie vzdelávania a rozvoja s pridanou hodnotou mimo školiacich miestností. Možnosti uplatnenia outdoor tréningu. Využívanie outdooru pri rozvoji manažérskych zručností. Tvorba, formy a fázy outdoor tréningov. 
610 2 0 |a manažéri 
610 2 0 |a manažment znalostný 
610 2 0 |a formy riadenia 
610 2 0 |a metódy riadenia 
610 2 0 |a programy riadiace 
610 2 0 |a technika riadenia 
610 2 0 |a rozhodovanie taktické 
610 2 0 |a tímy pracovné 
610 2 0 |a skupiny pracovné 
610 2 0 |a zručnosti 
100 1 |a Šustr, Jiří